| 000 | 00951nam a22002658i 4500 | ||
|---|---|---|---|
| 001 | 019717037 | ||
| 003 | OSt | ||
| 005 | 20251210142136.0 | ||
| 008 | 200211s2020 paua 000|0|eng|d | ||
| 020 | _a9780323639866 (Paperback) | ||
| 040 |
_aStDuBDS _beng _cNUST _erda _dNUST |
||
| 050 | _aR728.8 BON | ||
| 100 | 1 |
_aBonewit-West, Kathy _eAuthor |
|
| 245 | 1 | 0 |
_aStudy guide for today's medical assistant : _bclinical and administrative procedures / _cKathy Bonewit-West and Sue Hunt. |
| 250 | _aFourth edition. | ||
| 260 |
_aUnited States of America : _bElsevier, _c©2021. |
||
| 300 |
_axvi, 1280 pages : _bIllustrations ; _c28 cm. |
||
| 336 |
_atext _2rdacontent _btxt |
||
| 337 |
_aunmediated _2rdamedia _bn |
||
| 338 |
_avolume _2rdacarrier _bnc |
||
| 504 | _a[ ] | ||
| 650 | 0 |
_aPhysicians' assistants _xExaminations _vStudy guides. |
|
| 700 | 1 |
_aHunt, Sue A. _eAuthor |
|
| 942 |
_2lcc _n0 _cBOOKS _eFourth edition _hR728.8 BON _kR _mBON |
||
| 999 |
_c172389 _d172389 |
||